000 00475nam a22001457a 4500
082 _a004
100 _aSabir, Bushra
245 _aAutomatic Scene Analysis using Structural and Motion Information /
_cBushra Sabir
260 _aIslamabad :
_bMCS - NUST,
_c2013.
300 _a86 p. ;
_c30cm.
650 _aComputer Software Engineering-MS-Thesis
_916105
700 _aDr. Naveed Iqbal Rao
_935093
942 _2ddc
_cTHE
999 _c541038
_d541038